000 01251nam a22003737a 4500
003 CHAP
005 20220817044256.0
008 090618s2007 it a rn 00010 eng d
010 _a96395
011 _a97367
020 _a9789251058626
035 _a108033
040 _cCHAP
082 0 4 _a639.2
_bF3y v.497
110 2 _aFAO
245 1 0 _aStudy and analysis of feeds and fertilizers for sustainable aquaculture development
_c/ed. by Mohammad R. Hasan ...[et al.]
260 _aRome :
_bFAO,
_c2007
300 _axviii, 510 p. :
_bilus., gráfs., cuadros
490 0 _aDocumento técnico de pesca
_v; 497
590 _aBATCH-UPD
_b10
_c20130110
_lUCH01
_h1620
590 _aBATCH-UPD
_b10
_c20130410
_lUCH01
_h1014
590 _aBATCH-UPD
_b10
_c20130913
_lUCH01
_h1836
590 _aCONVERSION
_b10
_c20130109
_lUCH01
_h1353
650 1 4 _aAbonos orgánicos.
_9273
650 1 4 _aAcuicultura.
_9758
650 1 4 _aDesarrollo pesquero.
_932064
650 1 4 _aPeces
_xAlimentación.
_986442
700 1 _aHasan, Mohammad R.
_e, ed.
_953015
830 0 0 _aDocumento técnico de pesca
_v; 497
_933242
901 _aBK
911 _aen proceso
942 _cLIBRO
949 _a639.2 F3y v.497
_bBC
_cFAO
_d33724002072504
_eFAO1
_gDonaciØn
_h110703
_i108033
_sb
999 _c96395
_d96395